000 00512nam a22001457a 4500
080 _a342.4 (82) C 626
245 _aConstituciòn de la Naciòn Argentina- Constituciòn de la Provincia de Buenos Aires
_bSanta Fe- Paranà 1994
260 _aLa Plata
_bColegio de Abogados del Departamento Judicial de La Plata.
_c1994
300 _a63 P.
650 _xConstituciòn
650 _xConstituciòn de la Naciòn
650 _xConstituciòn de la Provincia de Buenos Aires
945 _acd
_d2015-10-28
999 _c4201
_d234705
942 _6_